Criminología : estudio sobre el delito y la teoría de la represión /
Contenido: El delito; El delito natural; El delito, según los juristas; El delincuente; La anomalía del criminal; Influencia de la educación sobre los instintos criminales; Influencias económicas; Influencia de las leyes; La represión; La ley de adaptación; Crítica del sistema penal, según los juris...
Guardat en:
| Autor principal: | |
|---|---|
| Format: | Llibre |
| Idioma: | espanyol |
| Publicat: |
México :
Angel Editor,
2001, c2001
|
| Matèries: | |
| Etiquetes: |
Sense etiquetes, Sigues el primer a etiquetar aquest registre!
|
MARC
| LEADER | 00000nam^a2200000^a^4500 | ||
|---|---|---|---|
| 001 | 000171158 | ||
| 005 | 20250521000000.0 | ||
| 009 | 20260310101334.751 | ||
| 020 | |a 968-7804-11-4 | ||
| 037 | |a Acervo ITESO - Biblioteca | ||
| 041 | |a ESP | ||
| 082 | |a 364. |b GAR | ||
| 100 | |a Garofalo, R. |e (autor) | ||
| 245 | 1 | 0 | |a Criminología : |b estudio sobre el delito y la teoría de la represión / |c R. Garofalo ; tr. por Pedro Dorado Montero. |
| 264 | 4 | |a México : |b Angel Editor, |c 2001, c2001 | |
| 300 | |a 401 p. | ||
| 336 | |a texto |b txt |2 rdacontenido | ||
| 337 | |a sin mediación |b n |2 rdamedio | ||
| 338 | |a volumen |b nc |2 rdasoporte | ||
| 520 | |a Contenido: El delito; El delito natural; El delito, según los juristas; El delincuente; La anomalía del criminal; Influencia de la educación sobre los instintos criminales; Influencias económicas; Influencia de las leyes; La represión; La ley de adaptación; Crítica del sistema penal, según los juristas; Leyes protectoras del delito; El sistema racional de penalidad. | ||
| 649 | |a XX | ||
| 650 | |a Delitos - |x Causas | ||
| 650 | |a Delitos - |x Teoría | ||
| 650 | |a Delitos - |x Prevención | ||
| 650 | |a Pena (Derecho) | ||
| 650 | |a Derecho Penal | ||
| 650 | |a Antropología Criminal | ||
| 650 | |a Psicología Criminal | ||
| 650 | |a Criminología | ||
| 910 | |a Fondo General | ||
| 920 | |a Impresos - Libros | ||
| 930 | |a Colección General | ||
| 905 | |a 101 | ||
| 901 | |a 0500108347 |b IT1 |c ACC |u 20250521 | ||
| 902 | |a https://opac.biblio.iteso.mx/vufind/Record/000171158 | ||